| 000 | 01331nam a22002777a 4500 | ||
|---|---|---|---|
| 001 | 1483 | ||
| 005 | 20231002114201.0 | ||
| 020 | _a9789995054540 | ||
| 040 |
_aFISKH _beng _cFISKH _dFISKH |
||
| 082 | _a635.9 | ||
| 100 | _aBunheng, Sient | ||
| 245 | _aការដាំខាត់ំណាផ្កា / | ||
| 250 | _aបោះពុម្ពលើកទី ៦ មិថុនា ២០២១ | ||
| 260 |
_aPhnom Penh : _bSipar, _c2021. |
||
| 300 |
_a32 pages : _bcolor illustrations ; _c29 cm |
||
| 490 | _aបំណិនជីវិត | ||
| 505 | _aZ' | ||
| 520 | _aបង្ហាញពីរបៀបរៀបចំដី ការបណ្ដុះកូន រហូតដល់ការប្រមូលផល និងមានវិធីធ្វើម្ហូប សាមញ្ញៗពីផ្កាខាត់ណា សម្រាប់បរិភោគក្នុងគ្រួសារ។ | ||
| 520 | _aDemonstrate how to prepare the soil, grow small cauliflower until harvest and have simple recipes from cauliflower for family consumption. | ||
| 521 |
_a1120
_bLexile estimate |
||
| 521 |
_aZ'
_bRaz-Plus |
||
| 650 |
_aដី _vបណ្ដុះ _xម្ហូប |
||
| 650 |
_aSoil _vGrow _xFood |
||
| 700 |
_aSophaleap, Nhoek _cillustrator |
||
| 942 |
_2ddc _cBK _n0 |
||
| 999 |
_c1483 _d1483 |
||